Flowering fires = Fuegos florales /

Recipient of the first annual Settlement House American Poetry Prize, Alicia Partnoy's "Flowering Fires / Fuegos Florales" is a work of wisdom born of witness and tempered by a lifetime of commitment to her craft. Gail Wronsky's translations render this poems as vital in English...

Descripción completa

Guardado en:
Autor Principal: Partnoy, Alicia.
Otros Autores: Wronsky, Gail; trad., Partnoy, Raquel; ilus.
Formato: Libro
Idioma:Undetermined
Publicado: Los Angeles : Midnight Editions, 2015.
Edición:1a ed.
Materias:
Etiquetas: Agregar Etiqueta
Sin Etiquetas, Sea el primero en etiquetar este registro!
LEADER 01129nam a22002415a 4500
001 CEM.cems020196
008 230609s2015####ag############000#0#und#d
005 20230612144759.0
245 1 0 |a Flowering fires = Fuegos florales /  |c Alicia Partnoy; traducido por Gail Wronsky; ilustrado por Raquel Partnoy. 
250 |a 1a ed. 
260 |a Los Angeles :  |b Midnight Editions,  |c 2015. 
300 |a 64 p. 
500 |a Edición bilingüe. Texto en inglés y en castellano. 
520 |a Recipient of the first annual Settlement House American Poetry Prize, Alicia Partnoy's "Flowering Fires / Fuegos Florales" is a work of wisdom born of witness and tempered by a lifetime of commitment to her craft. Gail Wronsky's translations render this poems as vital in English as they are in Spanish. This is a book to be cherished, read and reread. 
020 |a 9780985946845 
100 1 |a Partnoy, Alicia. 
700 1 |a Wronsky, Gail; trad. 
700 1 |a Partnoy, Raquel; ilus. 
082 0 4 |a A861.4 
653 |a Literatura 
653 |a Poesía 
653 |a Literatura Argentina 
859 |a CEMS  |b BIB. CEMS - 11 de abril  |h A861.4  |i P258  |p 29480.23  |t Ej.1